| 000 | 00801nam a2200241 i 4500 | ||
|---|---|---|---|
| 001 | 141701 | ||
| 003 | ES-MaACL | ||
| 005 | 20250829131211.0 | ||
| 007 | t| | ||
| 008 | 070926s1945 sp ||||1| spa d | ||
| 080 | _a165 | ||
| 100 | 1 |
_aVries, Joseph de. _9115764 |
|
| 245 | 1 | 0 |
_aPensar y ser / _cpor José de Vries ; versión española por José A. Menchaca. |
| 260 |
_aMadrid : _bRazón y Fe, _c[1945] |
||
| 300 |
_aXI, 296 p. ; _c20 cm. |
||
| 490 | 1 | _aBiblioteca de filosofía y pedagogía | |
| 650 | 4 |
_aEpistemología. _912338 |
|
| 700 | 1 |
_aMenchaca, José Antonio. _980081 |
|
| 830 | 1 | 0 |
_aBiblioteca de filosofía y pedagogía (Razón y Fe) _9181685 |
| 852 | 4 |
_aES-MaACL _jD-275 _9146823 _zSignatura ocupada por otra obra-robo _cSVI |
|
| 942 | _2udc | ||
| 999 |
_c141701 _d141701 |
||